Sbírka příkladů z počtu pravděpodobnosti

Hlavní autor: Hátle, Jaroslav
Jazyk: Čeština
Vydáno: Praha, 1973
Knihy
Uloženo v:
LEADER 00493nam a22001692a 4500
001 000187439
003 CZ BrMZK
005 19961101143423.0
007 ta
008 950101s1973 xr f cze d
040 |a BOA001  |b cze 
100 1 |a Hátle, Jaroslav  |7 jk01040151 
245 1 0 |a Sbírka příkladů z počtu pravděpodobnosti 
260 |a Praha,  |c 1973 
910 |a BOA001  |b 4-0700.805 
990 |a BK 
996 7 |b 2619912052  |c 4-0700.805  |l MZK  |r Sklad / do 1 hodiny  |n 6  |w 000187439  |u 000010  |a 1  |e BOA001  |j MZK50  |s A